| 000 | 00764nam a2200229 a 4500 | ||
|---|---|---|---|
| 001 | 000042980 | ||
| 005 | 20201002040539.0 | ||
| 008 | 140214s2003 sp a 000 0 spa d | ||
| 020 | _z843108836 | ||
| 040 |
_aDO-SdBNP _bspa _cBNPHU |
||
| 082 |
_axxx _bT926c |
||
| 100 | 1 |
_aTuner, Adair _970475 |
|
| 240 | 1 | 0 |
_aJust capital. The liberal economy _leng |
| 245 | 1 | 0 |
_aCapital justo : _bla economía liberal / _cAdair Tuner ; traducción de Mónica Rubio ; prólogo Ralf Dahrendorf. |
| 260 |
_aBarcelona : _bTusquets Editores, _c2003. |
||
| 300 |
_a404 p. : _bil. ; _c23 cm. |
||
| 490 | 1 |
_aKriterios _v12 |
|
| 500 | _aBibliografía : p. 399-404 | ||
| 700 | 1 | 2 |
_aRubio, Mónica _etr. _970476 |
| 700 | 1 | 2 |
_aDahrendorf, Ralf _epról. _970477 |
| 830 | 0 |
_aKriterios _n12 _970478 |
|
| 999 |
_c42469 _d42469 |
||